书目信息 |
| 题名: |
世界资源之战
|
|
| 作者: | 那须圣 著 ;齐力 译 | |
| 分册: | ||
| 出版信息: | 北京 新华出版社 1980 |
|
| 页数: | 153页 | |
| 开本: | 21cm | |
| 丛书名: | ||
| 单 册: | ||
| 中图分类: | E16 | |
| 科图分类: | ||
| 主题词: | 国际斗争:政治斗争 , 政治斗争:国际斗争 , 军事--世界 | |
| 电子资源: | ||
| ISBN: | ||
| 000 | 00702nam0 2200265 45 | |
| 001 | 0180007785 | |
| 005 | 20060913090055.28 | |
| 010 | @dCNY0.59 | |
| 091 | @b5203.004 | |
| 100 | @a19950605d1980 kemy0chiy0121 ea | |
| 101 | 0 | @achi@cjpn |
| 102 | @aCN@b110000 | |
| 105 | @ay z 000yy | |
| 200 | 1 | @a世界资源之战@Ashi jie zi yuan zhi zhan@f(日)那须圣著@g齐力译 |
| 210 | @a北京@c新华出版社@d1980 | |
| 215 | @a153页@d21cm | |
| 606 | 0 | @a国际斗争:政治斗争 |
| 606 | 0 | @a政治斗争:国际斗争 |
| 606 | 0 | @a军事@x世界 |
| 690 | @aE16 | |
| 701 | 0 | @a那须圣@Ana xu sheng@4著 |
| 702 | 0 | @a齐力@Aqi li@4译 |
| 801 | @aCN@b上海图书馆@c20060913 | |
| 801 | @aCN@bNLC@c20060805 | |
| 905 | @f1@b32885@dE16@e2 | |
| 世界资源之战/(日)那须圣著/齐力译.-北京:新华出版社,1980 |
| 153页;21cm |
| ISBN :CNY0.59 |
| ● |
| 相关链接 |
|
|
|
|
正题名:世界资源之战
索取号:E16/2
 
预约/预借
| 序号 | 登录号 | 条形码 | 馆藏地/架位号 | 状态 | 备注 |
| 1 | 0032885 | 001259916 | 第一样本阅览室/ [索取号:E16/2] | 在馆 | |
| 2 | 0440873 | 204408738 | 密集书库/ [索取号:E16/2] | 在馆 | |
| 3 | 0446659 | 204466595 | 密集书库/ [索取号:E16/2] | 在馆 | |
| 4 | 0447097 | 204470973 | 密集书库/ [索取号:E16/2] | 在馆 | |
| 5 | 0475370 | 204753702 | 密集书库/ [索取号:E16/2] | 在馆 | |
| 6 | 0475495 | 204754952 | 密集书库/ [索取号:E16/2] | 在馆 |